Представление документа в формате MARC21

Поле Инд. ПП Название Значение
Тип записи a
Библиографический уровень b
001 Контрольный номер RU/IS/BASE/126985697
005 Дата корректировки 20200529173523.9
084 a Индекс другой классификации/Индекс ББК 60.562.5в631
a Индекс другой классификации/Индекс ББК 60.725(2Рос)
a Индекс другой классификации/Индекс ББК 60.73(2Рос)6-4
100 1_ a Автор Медков В. М.
245 a Заглавие Социологические проблемы демографического прогнозирования: российская семья на рубеже столетий
b Продолж. заглавия (по материалам социолого-демографического исследования "Россия - 2000")
504 a Библиография Библиогр. ссылки
520 a Аннотация Приводятся статистические данные социологического исследования
650 a Основная рубрика демографическая статистика
a Основная рубрика демография
a Основная рубрика народонаселение
a Основная рубрика социология
a Основная рубрика социология семьи
653 a Ключевые слова демографическое прогнозирование
a Ключевые слова демографическое развитие
a Ключевые слова депопуляция
a Ключевые слова материальное благосостояние
a Ключевые слова репродуктивное поведение
a Ключевые слова рождаемость
a Ключевые слова Россия
a Ключевые слова семейная политика
a Ключевые слова семья
a Ключевые слова численность населения
773 t Заглавие источника Вестник Московского университета. Серия 18, Социология и политология
d Дата издания источника 2002
g Прочая информация № 1. - С. 57 - 74 : табл., схем., диагр.
w Контрольный № источника RU/IS/BASE/148577933
901 t Тип документа b